Too much is never enough: is there a tipping point in marketing communications?
Marketingová komunikácia sa môže stať pre podnik kontraproduktívna a môže sa negatívne odraziť na hodnotení zákazníckej spokojnosti. Veľkosť alebo nepriamy dopad marketingovej komunikácie nesmie byť zamienaný s jej obsahom a esteticky i eticky primeranou formou.
Gespeichert in:
| 1. Verfasser: | |
|---|---|
| Format: | Buchkapitel |
| Sprache: | Englisch |
| Schlagworte: | |
| Tags: |
Keine Tags, Fügen Sie das erste Tag hinzu!
|
MARC
| LEADER | 00000naa a2200000 4500 | ||
|---|---|---|---|
| 001 | 0236088 | ||
| 005 | 20220722103826.8 | ||
| 041 | 0 | |a eng | |
| 044 | |a SK | ||
| 245 | 1 | 0 | |a Too much is never enough: is there a tipping point in marketing communications? |c Pavel Štrach |
| 520 | |a Marketingová komunikácia sa môže stať pre podnik kontraproduktívna a môže sa negatívne odraziť na hodnotení zákazníckej spokojnosti. Veľkosť alebo nepriamy dopad marketingovej komunikácie nesmie byť zamienaný s jej obsahom a esteticky i eticky primeranou formou. | ||
| 610 | 2 | 0 | |a marketing |
| 610 | 2 | 0 | |a marketing manažment |
| 610 | 2 | 0 | |a komunikácia marketingová |
| 610 | 2 | 0 | |a spokojnosť zákazníkov |
| 100 | 1 | |a Štrach, Pavel | |